00987 2200325 4500001002100000005001500021035002000036007000300056020002200059040002200081082001600103084001800119090002200137090002200159100002100181245008600202250002500288300005700313650002200370700002700392850001200419504003400431264003700465336002100502337003000523338002300553008004100576999002200617990002200639INLIS00000000085442220200226085937 a0010-0220000592ta a978-602-9129-89-2 aYOPDYOGbinderda04223a649.122 a649.122 SUD a aDEP 649.122 SUD a aCB-D.11 2018-35740 aSudartiepenulis10aAsuhan neonatus :brisiko tinggi dan kegawatan /cpenulis, Sudarti, Afroh Fauziah acetakan ketiga, 2018 aviii, 164 halaman :bilustrasi, foto, tabel ;c21 cm 4aBayi--xperawatan0 aAfroh Fauziahepenulis aYOPDYOG aBibliografi : halaman 163-164 1aYogyakarta :bNuha Medika,c2018 2rdacontentateks 2rdamediaatanpa perantara 2rdacarrieravolume200224s2018 yoia g | ind d aCB-D.11/2018-3574 aCB-D.11/2018-3574